00585nam a2200193 a 4500008004100000020001500041050001600056100002100072245004200093246002700135260004500162300002000207350000900227500004100236650002900277650001500306700003900321700003100360120416s1986 ||||||||||||||||| || u a0675201985 aHD 58.7 Cal aKnudson, Harry R10aUnderstanding organizational behavior aa managerial viewpoint aColumbus, OhiobCharles E. Merrillc1986 axv, 637p. : ill a0.00 aIncludes bibliographies and indexes. aORGANIZATIONAL BEHAVIOUR 0aMANAGEMENT aCallahan, R. E. (Robert E.), 1944- aFleenor, C. Patrick, 1938-